<?xml version="1.0" encoding="UTF-8"?>
<record
    xmlns:xsi="http://www.w3.org/2001/XMLSchema-instance"
    xsi:schemaLocation="http://www.loc.gov/MARC21/slim http://www.loc.gov/standards/marcxml/schema/MARC21slim.xsd"
    xmlns="http://www.loc.gov/MARC21/slim">

  <leader>00792nam a22001577a 4500</leader>
  <controlfield tag="003">OSt</controlfield>
  <controlfield tag="005">20161127102715.0</controlfield>
  <controlfield tag="008">161127b        xxu||||| |||| 00| 0 eng d</controlfield>
  <datafield tag="040" ind1=" " ind2=" ">
    <subfield code="c">RUA</subfield>
  </datafield>
  <datafield tag="082" ind1=" " ind2=" ">
    <subfield code="a">AGR HEN B541 2015 Or.1</subfield>
  </datafield>
  <datafield tag="100" ind1=" " ind2=" ">
    <subfield code="9">11407</subfield>
    <subfield code="a">HENG BUNHEANG; &#x17A0;&#x17C1;&#x1784; &#x1794;&#x17CA;&#x17BB;&#x1793;&#x17A0;&#x17C0;&#x1784;</subfield>
  </datafield>
  <datafield tag="245" ind1=" " ind2=" ">
    <subfield code="a">Effect of different Organic fertilizers on growth and yield celery cabbage under sandy loam condition; &#x17A5;&#x1791;&#x17D2;&#x1792;&#x17B7;&#x1796;&#x179B;&#x1787;&#x17B8;&#x179F;&#x179A;&#x17B8;&#x179A;&#x17B6;&#x1784;&#x17D2;&#x1782;&#x1794;&#x17D2;&#x179A;&#x1797;&#x17C1;&#x1791;&#x1781;&#x17BB;&#x179F;&#x17D7;&#x1782;&#x17D2;&#x1793;&#x17B6;&#x1791;&#x17C5;&#x179B;&#x17BE;&#x1780;&#x17B6;&#x179A;&#x179B;&#x17BC;&#x178F;&#x179B;&#x17B6;&#x179F;&#x17CB;&#x1793;&#x17B7;&#x1784;&#x1791;&#x17B7;&#x1793;&#x17D2;&#x1793;&#x1795;&#x179B;&#x178A;&#x17C6;&#x178E;&#x17B6;&#x17C6;&#x179F;&#x17D2;&#x1796;&#x17C3;&#x1785;&#x1784;&#x17D2;&#x1780;&#x17B9;&#x17C7;&#x1780;&#x17D2;&#x1793;&#x17BB;&#x1784;&#x179B;&#x1780;&#x17D2;&#x1781;&#x1781;&#x178E;&#x17D2;&#x178C;&#x178A;&#x17B8;&#x179B;&#x17D2;&#x1794;&#x17B6;&#x1799;&#x1781;&#x17D2;&#x179F;&#x17B6;&#x1785;&#x17CB;</subfield>
  </datafield>
  <datafield tag="260" ind1=" " ind2=" ">
    <subfield code="a">Phnom Penh</subfield>
    <subfield code="b">RUA</subfield>
    <subfield code="c">2015</subfield>
  </datafield>
  <datafield tag="300" ind1=" " ind2=" ">
    <subfield code="a">xii; 36p;</subfield>
    <subfield code="b">ill;</subfield>
    <subfield code="c">29cm;</subfield>
  </datafield>
  <datafield tag="942" ind1=" " ind2=" ">
    <subfield code="2">ddc</subfield>
    <subfield code="c">AGR</subfield>
  </datafield>
  <datafield tag="999" ind1=" " ind2=" ">
    <subfield code="c">10964</subfield>
    <subfield code="d">10964</subfield>
  </datafield>
  <datafield tag="952" ind1=" " ind2=" ">
    <subfield code="0">0</subfield>
    <subfield code="1">0</subfield>
    <subfield code="2">ddc</subfield>
    <subfield code="4">0</subfield>
    <subfield code="6">AGR_HEN_B541_2015_000000000000000_OR_1</subfield>
    <subfield code="7">0</subfield>
    <subfield code="9">57849</subfield>
    <subfield code="a">LBB</subfield>
    <subfield code="b">LBB</subfield>
    <subfield code="c">B541</subfield>
    <subfield code="d">2016-11-27</subfield>
    <subfield code="o">AGR HEN B541 2015 Or.1</subfield>
    <subfield code="p">A03292</subfield>
    <subfield code="r">2016-11-27</subfield>
    <subfield code="w">2016-11-27</subfield>
    <subfield code="y">AGR</subfield>
  </datafield>
  <datafield tag="952" ind1=" " ind2=" ">
    <subfield code="0">0</subfield>
    <subfield code="1">0</subfield>
    <subfield code="2">ddc</subfield>
    <subfield code="4">0</subfield>
    <subfield code="6">AGR_HEN_B541_2015_000000000000000_OR_2</subfield>
    <subfield code="7">0</subfield>
    <subfield code="9">57850</subfield>
    <subfield code="a">LBB</subfield>
    <subfield code="b">LBB</subfield>
    <subfield code="c">B541</subfield>
    <subfield code="d">2016-11-27</subfield>
    <subfield code="l">1</subfield>
    <subfield code="o">AGR HEN B541 2015 Or.2</subfield>
    <subfield code="p">A04057</subfield>
    <subfield code="r">2018-09-28</subfield>
    <subfield code="s">2018-09-26</subfield>
    <subfield code="w">2016-11-27</subfield>
    <subfield code="y">AGR</subfield>
  </datafield>
  <datafield tag="952" ind1=" " ind2=" ">
    <subfield code="0">0</subfield>
    <subfield code="1">0</subfield>
    <subfield code="2">ddc</subfield>
    <subfield code="4">0</subfield>
    <subfield code="6">AGR_HEN_B541_2015_000000000000000_OR_3</subfield>
    <subfield code="7">0</subfield>
    <subfield code="9">57851</subfield>
    <subfield code="a">LBB</subfield>
    <subfield code="b">LBB</subfield>
    <subfield code="c">B541</subfield>
    <subfield code="d">2016-11-27</subfield>
    <subfield code="o">AGR HEN B541 2015 Or.3</subfield>
    <subfield code="p">A04028</subfield>
    <subfield code="r">2016-11-27</subfield>
    <subfield code="w">2016-11-27</subfield>
    <subfield code="y">AGR</subfield>
  </datafield>
  <datafield tag="952" ind1=" " ind2=" ">
    <subfield code="0">0</subfield>
    <subfield code="1">0</subfield>
    <subfield code="2">ddc</subfield>
    <subfield code="4">0</subfield>
    <subfield code="6">AGR_HEN_B541_2015_000000000000000_OR_4</subfield>
    <subfield code="7">0</subfield>
    <subfield code="9">57852</subfield>
    <subfield code="a">LBB</subfield>
    <subfield code="b">LBB</subfield>
    <subfield code="c">B541</subfield>
    <subfield code="d">2016-11-27</subfield>
    <subfield code="o">AGR HEN B541 2015 Or.4</subfield>
    <subfield code="p">A03806</subfield>
    <subfield code="r">2016-11-27</subfield>
    <subfield code="w">2016-11-27</subfield>
    <subfield code="y">AGR</subfield>
  </datafield>
  <datafield tag="952" ind1=" " ind2=" ">
    <subfield code="0">0</subfield>
    <subfield code="1">0</subfield>
    <subfield code="2">ddc</subfield>
    <subfield code="4">0</subfield>
    <subfield code="6">AGR_HEN_B541_2015_000000000000000_OR_5</subfield>
    <subfield code="7">0</subfield>
    <subfield code="9">57853</subfield>
    <subfield code="a">LBB</subfield>
    <subfield code="b">LBB</subfield>
    <subfield code="c">B541</subfield>
    <subfield code="d">2016-11-27</subfield>
    <subfield code="o">AGR HEN B541 2015 Or.5</subfield>
    <subfield code="p">A03733</subfield>
    <subfield code="r">2016-11-27</subfield>
    <subfield code="w">2016-11-27</subfield>
    <subfield code="y">AGR</subfield>
  </datafield>
  <datafield tag="952" ind1=" " ind2=" ">
    <subfield code="0">0</subfield>
    <subfield code="1">0</subfield>
    <subfield code="2">ddc</subfield>
    <subfield code="4">0</subfield>
    <subfield code="6">AGR_HEN_B541_2015_000000000000000_OR_6</subfield>
    <subfield code="7">0</subfield>
    <subfield code="9">57854</subfield>
    <subfield code="a">LBB</subfield>
    <subfield code="b">LBB</subfield>
    <subfield code="c">B541</subfield>
    <subfield code="d">2016-11-27</subfield>
    <subfield code="o">AGR HEN B541 2015 Or.6</subfield>
    <subfield code="p">A03878</subfield>
    <subfield code="r">2016-11-27</subfield>
    <subfield code="w">2016-11-27</subfield>
    <subfield code="y">AGR</subfield>
  </datafield>
  <datafield tag="952" ind1=" " ind2=" ">
    <subfield code="0">0</subfield>
    <subfield code="1">0</subfield>
    <subfield code="2">ddc</subfield>
    <subfield code="4">0</subfield>
    <subfield code="6">AGR_HEN_B541_2015_000000000000000_OR_7</subfield>
    <subfield code="7">0</subfield>
    <subfield code="9">57855</subfield>
    <subfield code="a">LBB</subfield>
    <subfield code="b">LBB</subfield>
    <subfield code="c">B541</subfield>
    <subfield code="d">2016-11-27</subfield>
    <subfield code="o">AGR HEN B541 2015 Or.7</subfield>
    <subfield code="p">A04036</subfield>
    <subfield code="r">2016-11-27</subfield>
    <subfield code="w">2016-11-27</subfield>
    <subfield code="y">AGR</subfield>
  </datafield>
  <datafield tag="952" ind1=" " ind2=" ">
    <subfield code="0">0</subfield>
    <subfield code="1">0</subfield>
    <subfield code="2">ddc</subfield>
    <subfield code="4">0</subfield>
    <subfield code="6">AGR_HEN_B541_2015_000000000000000_OR_8</subfield>
    <subfield code="7">0</subfield>
    <subfield code="9">57856</subfield>
    <subfield code="a">LBB</subfield>
    <subfield code="b">LBB</subfield>
    <subfield code="c">B541</subfield>
    <subfield code="d">2016-11-27</subfield>
    <subfield code="o">AGR HEN B541 2015 Or.8</subfield>
    <subfield code="p">A03217</subfield>
    <subfield code="r">2016-11-27</subfield>
    <subfield code="w">2016-11-27</subfield>
    <subfield code="y">AGR</subfield>
  </datafield>
</record>
